000 01475cam a2200361 a 4500
999 _c129104
_d129104
001 120757
003 ARRUPE
005 20190307112645.0
008 970121s1996 enk b 000 0 eng d
010 _a 97106506
020 _a1570750750 (Maryknoll)
035 _a(OCoLC)36224079
040 _aKyLoL
_cKyLoL
_dDLC
042 _alccopycat
043 _ae-ur---
050 0 0 _aBX512
_b.H65 1996
082 0 0 _a281.9/47
_221
245 0 4 _aThe Holy Russian Church and Western Christianity /
_cedited by Giuseppe Alberigo and Oscar Beozzo with Georgy Zyablitsev.
260 _aLondon :
_bSCM Press ;
_aMaryknoll, NY :
_bOrbis Books,
_cc1996.
300 _aviii, 163 p. ;
_c22 cm.
490 1 _aConcilium ;
_v1996/6
504 _aIncludes bibliographical references.
610 2 0 _aOrthodox Eastern Church
_zSoviet Union.
_944923
651 0 _aSoviet Union
_xChurch history.
_944924
700 1 _aAlberigo, Giuseppe.
_944925
_e(ed.)
700 1 _aBeozzo, José Oscar.
_944926
_e(ed.)
700 1 _aZyablitsev, Georgy.
_944927
_e(ed.)
830 0 _aConcilium (Glen Rock, N.J.) ;
_v1996/6
_944928
906 _a7
_bcbc
_ccopycat
_d3
_encip
_f19
_gy-gencatlg
942 _2lcc
_cMONOGRAPH